| 000 | 01242cab a2200217 4500 | ||
|---|---|---|---|
| 001 | ##L133957 | ||
| 008 | 060623n2006 000 0 eng u | ||
| 035 | _a(Sirsi) u133957 | ||
| 041 | 0 | _aeng | |
| 100 | 1 | _aAalberts, Robert J. | |
| 245 | 0 | 0 |
_aToxic mold liability update _b implications of Kilian v Equity Residential Trust |
| 260 | _c2006 | ||
| 490 | 4 |
_aThe Appraisal Journal _v74(2) Spring 2006, 174-182(9) |
|
| 520 | _aLooks at the 2004 federal district court decision in "Kilian v Equity Residential Trust" and its impact on toxic mould litigation. The court dismissed a mould-related claim based on scientific evidence showing that only a limited number of people are vulnerable to the effects of mould. This suggests that the impact of a history of mould in a property may be less than previously predicted. However, real estate appraisers must continue to be observant in their assignments of abnormal conditions such as mould that might have an impact on value. [Taken from journal abstract]. | ||
| 590 | _aIKA040706 | ||
| 651 | 4 | _aUNITED STATES | |
| 690 | _aMANAGEMENT-HEALTH AND SAFETY-HAZARDOUS SUBSTANCES-TOXIC MOULD | ||
| 690 | _aPROPERTY-PROPERTY VALUATION AND APPRAISAL | ||
| 700 | 1 | _aHoyt, Richard W. | |
| 942 | _n0 | ||
| 999 |
_c77285 _d77285 |
||